| 000 | 00872nam a22001937a 4500 | ||
|---|---|---|---|
| 003 | BD-DhUL | ||
| 005 | 20160906101419.0 | ||
| 008 | 160906s2013 b a|||| |||| 001 0db d | ||
| 040 |
_cBD-DhUL _dBD-DhUL |
||
| 082 |
_a954.0254 _bMAB |
||
| 100 | 1 | _aমানিক, আখতার উদ্দিন | |
| 245 |
_aবাংলায় আফ্রিকান অভিবাসী : _bমধ্যযুগে স্বাধীন সুলতানি আমল / _cআখতার উদ্দিন মানিক |
||
| 260 |
_aঢাকা : _bঅ্যাডর্ন, _c২০১৩ । |
||
| 300 |
_a১৪৩ পৃ. : _bচিত্র. ; _c২২ সেমি |
||
| 504 | _aগ্রন্থপঞ্জিগত তথ্য ও নির্ঘন্ট সংবলিত । | ||
| 650 | _aইতিহাস | ||
| 650 | _aHistory | ||
| 942 |
_2ddc _cBK |
||
| 999 |
_c104342 _d104342 |
||